000
00265nam a2200109 a 4500
005
20141022141958.0
008
120306s19uu xx 00 eng d
050
_a
CD
_b
B38 2004
245
_a
Exploring :
_b
3D modelling with MAYA 6.
260
_c
2004.
942
_c
AVM
999
_c
276110
_d
276110